000 00421nam a2200181Ia 4500
001 15686
005 20260306170214.0
008 260306t2000||||xx |||||||||||||| ||und||
041 _aESP
082 _a575.0162
_bD25
100 _aDarwin, Carlos
_eAUT
245 0 _aEl Orígen De Las Especies
260 _c2000
300 _a377 páginas :
_c22 cm.
650 _aGEN
654 _aCCN
942 _cLIB
_dJUS
_fJUS
_2ddc
_n
999 _c15686
_d15686